Vainqueur(e)s des Masters 1000 de tennis depuis 2015 - Statistiques

Statistiques générales
  • Ce quiz a été pris 380 fois
    181 depuis la dernière actualisation
  • Le résultat moyen est 29 sur 65
Statistiques - réponses
Réponse % Correct
Carlos Alcaraz
99%
Jannik Sinner
98%
Novak Djokovic
98%
Rafael Nadal
98%
Roger Federer
96%
Alexander Zverev
89%
Andy Murray
88%
Daniil Medvedev
85%
Daniil Medvedev
85%
Stefanos Tsitsipas
83%
Casper Ruud
80%
Holger Rune
77%
Andrey Rublev
72%
Iga Swiatek
70%
Aryna Sabalenka
69%
Dominic Thiem
68%
Jack Draper
68%
Taylor Fritz
66%
Marin Cilic
62%
Jakub Mensik
61%
Serena Williams
61%
Coco Gauff
57%
Juan Martin del Potro
56%
Grigor Dimitrov
51%
Alexei Popyrin
45%
Caroline Garcia
45%
John Isner
45%
Elena Rybakina
41%
Karen Khachanov
41%
Jessica Pegula
40%
Cameron Norrie
39%
Fabio Fognini
39%
Hubert Hurkacz
39%
Naomi Osaka
39%
Simona Halep
39%
Jasmine Paolini
37%
Ashleigh Barty
36%
Elina Svitolina
35%
Jelena Ostapenko
34%
Maria Sharapova
34%
Borna Coric
33%
Madison Keys
33%
Pablo Carreno Busta
33%
Victoria Azarenka
33%
Jack Sock
31%
Garbiñe Muguruza
30%
Ons Jabeur
27%
Paula Badosa
23%
Petra Kvitová
23%
Barbora Krejčíková
19%
Caroline Wozniacki
18%
Danielle Collins
18%
Bianca Andreescu
17%
Karolína Plíšková
17%
Belinda Bencic
16%
Sloane Stephens
16%
Carla Suárez Navarro
11%
Sara Errani
10%
Agnieszka Radwańska
8%
Elise Mertens
8%
Kiki Bertens
8%
Camila Giorgi
7%
Johanna Konta
7%
Elena Vesnina
2%
Lucie Šafářová
2%
Aucun quiz correspondant
Distribution des résultats
% des personnes avec chaque résultat
Percentile par nombre de réponses
Votre historique - résultats
Vous n’avez pas pris ce quiz depuis la dernière actualisation